000 00830nam0a22002411 4500
001 rc\428532
005 20250621082446.0
035 _a(NLR Aleph) 005675372
090 _a7018172
_c7018172
100 _a20030616d1988 |||y0rusy50 ca
101 0 _arus
102 _aRU
105 _aa |||||||||
200 1 _aЕСТЕСТВЕННАЯ и индуцированная изменчивость микроорганизмов
_e[Сб. ст.]
210 _aАлма-Ата
_cНаука Каз. ССР
_d1988
215 _a200 с.
_cил.
_d21
225 1 _aТруды Института микробиологии и вирусологии
_fАН КазССР
_vТ. 33
320 _aБиблиогр. в конце ст.
801 0 _aRU
_bNLR
_gpsbo
801 1 _aRU
_bELAR
_2rusmarc
852 _aNLR
_jП8/259
942 _cBOOK
980 _aNB